Vosprijatije i raspoznavanije obrazov = Perception et reconnaissance des formes /

Na minha lista:
Detalhes bibliográficos
Autor principal: Faure, Alain (Author)
Formato: Livro
Idioma:russo
Publicado em: Moskva : Mašinostrojenije, 1989
Tags: Adicionar Tag
Sem tags, seja o primeiro a adicionar uma tag!

MARC

LEADER 00000nam a22000003a 4500
001 stu3663
005 20150617225813.0
008 930423s1989----xxr-----------------rus-d
040 |a STU  |b slo 
041 0 |a rus 
044 |a xxr 
080 |a 681.327.8 
080 |a 621.397 
080 |a 681.518 
100 1 |a Faure, Alain  |4 aut 
245 1 |a Vosprijatije i raspoznavanije obrazov = Perception et reconnaissance des formes /  |c [aut.] Faure,A 
260 |a Moskva :  |b Mašinostrojenije,  |c 1989 
300 |a 271 s 
996 |b I4037  |c I*4037  |l II680  |s A  |a 24  |w stu3663_0002